<?xml version="1.0" encoding="UTF-8"?>
<record
    xmlns:xsi="http://www.w3.org/2001/XMLSchema-instance"
    xsi:schemaLocation="http://www.loc.gov/MARC21/slim http://www.loc.gov/standards/marcxml/schema/MARC21slim.xsd"
    xmlns="http://www.loc.gov/MARC21/slim">

  <leader>01125nam2a22002651  4500</leader>
  <controlfield tag="001">rc\4934949</controlfield>
  <controlfield tag="005">20250612210041.0</controlfield>
  <datafield tag="035" ind1=" " ind2=" ">
    <subfield code="a">(NLR Aleph) 008848251</subfield>
  </datafield>
  <datafield tag="090" ind1=" " ind2=" ">
    <subfield code="a">8384252</subfield>
    <subfield code="c">8384252</subfield>
  </datafield>
  <datafield tag="100" ind1=" " ind2=" ">
    <subfield code="a">20130426d1965    |||y0rusy50      ca</subfield>
  </datafield>
  <datafield tag="101" ind1="0" ind2=" ">
    <subfield code="a">rus</subfield>
  </datafield>
  <datafield tag="102" ind1=" " ind2=" ">
    <subfield code="a">RU</subfield>
  </datafield>
  <datafield tag="105" ind1=" " ind2=" ">
    <subfield code="a">a   z   |||||</subfield>
  </datafield>
  <datafield tag="200" ind1="1" ind2=" ">
    <subfield code="a">&#x41D;&#x430;&#x437;&#x435;&#x43C;&#x43D;&#x43E;&#x435; &#x43E;&#x431;&#x43E;&#x440;&#x443;&#x434;&#x43E;&#x432;&#x430;&#x43D;&#x438;&#x435;</subfield>
    <subfield code="f">[&#x421;&#x43E;&#x441;&#x442;. &#x438;&#x43D;&#x436;&#x435;&#x43D;&#x435;&#x440;&#x44B;: &#x410;.&#x41A;. &#x41A;&#x443;&#x440;&#x430;&#x442;&#x43D;&#x438;&#x43A;, &#x413;.&#x421;. &#x41F;&#x44F;&#x442;&#x43D;&#x438;&#x446;&#x44B;&#x43D;, &#x42F;.&#x41C;. &#x422;&#x430;&#x43B;&#x430;&#x43B;&#x430;&#x435;&#x432;] [&#x438; &#x434;&#x440;.]</subfield>
  </datafield>
  <datafield tag="210" ind1=" " ind2=" ">
    <subfield code="d">1965</subfield>
    <subfield code="a">&#x411;. &#x43C;.</subfield>
  </datafield>
  <datafield tag="215" ind1=" " ind2=" ">
    <subfield code="a">184 &#x441;.</subfield>
    <subfield code="c">&#x438;&#x43B;.</subfield>
  </datafield>
  <datafield tag="461" ind1=" " ind2="0">
    <subfield code="1">001rc\4934940</subfield>
    <subfield code="1">2001#$a&#x421;&#x430;&#x43C;&#x43E;&#x43B;&#x435;&#x442; &#x410;&#x43D;-12&#x410;$e&#x418;&#x43B;&#x43B;&#x44E;&#x441;&#x442;&#x440;&#x438;&#x440;&#x43E;&#x432;&#x430;&#x43D;&#x43D;&#x44B;&#x439; &#x43A;&#x430;&#x442;&#x430;&#x43B;&#x43E;&#x433; &#x434;&#x435;&#x442;&#x430;&#x43B;&#x435;&#x439;$e[&#x412; 9 &#x43A;&#x43D;.]$e&#x41A;&#x43D;. 1-$v&#x41A;&#x43D;. 8</subfield>
    <subfield code="9">8384201</subfield>
    <subfield code="c">&#x41C;&#x43E;&#x441;&#x43A;&#x432;&#x430;</subfield>
    <subfield code="d">1965</subfield>
    <subfield code="n">&#x41C;&#x430;&#x448;&#x438;&#x43D;&#x43E;&#x441;&#x442;&#x440;&#x43E;&#x435;&#x43D;&#x438;&#x435;</subfield>
    <subfield code="o">&#x418;&#x43B;&#x43B;&#x44E;&#x441;&#x442;&#x440;&#x438;&#x440;&#x43E;&#x432;&#x430;&#x43D;&#x43D;&#x44B;&#x439; &#x43A;&#x430;&#x442;&#x430;&#x43B;&#x43E;&#x433; &#x434;&#x435;&#x442;&#x430;&#x43B;&#x435;&#x439; : [&#x412; 9 &#x43A;&#x43D;.] : &#x41A;&#x43D;. 1-</subfield>
    <subfield code="t">&#x421;&#x430;&#x43C;&#x43E;&#x43B;&#x435;&#x442; &#x410;&#x43D;-12&#x410;</subfield>
    <subfield code="v">&#x41A;&#x43D;. 8</subfield>
  </datafield>
  <datafield tag="702" ind1=" " ind2="1">
    <subfield code="a">&#x41F;&#x44F;&#x442;&#x43D;&#x438;&#x446;&#x44B;&#x43D;</subfield>
    <subfield code="b">&#x413;.&#x421;.</subfield>
    <subfield code="4">220</subfield>
  </datafield>
  <datafield tag="702" ind1=" " ind2="1">
    <subfield code="a">&#x422;&#x430;&#x43B;&#x430;&#x43B;&#x430;&#x435;&#x432;</subfield>
    <subfield code="b">&#x42F;.&#x41C;.</subfield>
    <subfield code="4">220</subfield>
  </datafield>
  <datafield tag="702" ind1=" " ind2="1">
    <subfield code="a">&#x41A;&#x443;&#x440;&#x430;&#x442;&#x43D;&#x438;&#x43A;</subfield>
    <subfield code="b">&#x410;.&#x41A;.</subfield>
    <subfield code="4">220</subfield>
  </datafield>
  <datafield tag="801" ind1=" " ind2="0">
    <subfield code="a">RU</subfield>
    <subfield code="b">NLR</subfield>
    <subfield code="g">psbo</subfield>
  </datafield>
  <datafield tag="801" ind1=" " ind2="1">
    <subfield code="a">RU</subfield>
    <subfield code="b">ELAR</subfield>
    <subfield code="2">rusmarc</subfield>
  </datafield>
  <datafield tag="852" ind1=" " ind2=" ">
    <subfield code="a">NLR</subfield>
    <subfield code="j">50&#x43A;/176</subfield>
  </datafield>
  <datafield tag="942" ind1=" " ind2=" ">
    <subfield code="c">BOOK</subfield>
  </datafield>
  <datafield tag="980" ind1=" " ind2=" ">
    <subfield code="a">NB</subfield>
  </datafield>
  <datafield tag="995" ind1=" " ind2=" ">
    <subfield code="5">2013-10-26</subfield>
    <subfield code="b">NLR01</subfield>
    <subfield code="c">NLR01</subfield>
    <subfield code="e">NZ5</subfield>
    <subfield code="f">8848251-10</subfield>
    <subfield code="k">50&#x43A;/176</subfield>
    <subfield code="o">0</subfield>
    <subfield code="r">BOOK</subfield>
    <subfield code="s">50176_</subfield>
  </datafield>
</record>
